<?xml version="1.0" encoding="UTF-8"?><?xml-stylesheet type="text/xsl" href="static/style.xsl"?><OAI-PMH xmlns="http://www.openarchives.org/OAI/2.0/" xmlns:xsi="http://www.w3.org/2001/XMLSchema-instance" xsi:schemaLocation="http://www.openarchives.org/OAI/2.0/ http://www.openarchives.org/OAI/2.0/OAI-PMH.xsd"><responseDate>2026-04-13T06:33:10Z</responseDate><request verb="GetRecord" identifier="oai:www.recercat.cat:2072/472493" metadataPrefix="marc">https://recercat.cat/oai/request</request><GetRecord><record><header><identifier>oai:recercat.cat:2072/472493</identifier><datestamp>2025-07-29T22:26:21Z</datestamp><setSpec>com_2072_98</setSpec><setSpec>col_2072_378192</setSpec></header><metadata><record xmlns="http://www.loc.gov/MARC21/slim" xmlns:dcterms="http://purl.org/dc/terms/" xmlns:xsi="http://www.w3.org/2001/XMLSchema-instance" xmlns:doc="http://www.lyncode.com/xoai" xsi:schemaLocation="http://www.loc.gov/MARC21/slim http://www.loc.gov/standards/marcxml/schema/MARC21slim.xsd">
   <leader>00925njm 22002777a 4500</leader>
   <datafield ind2=" " ind1=" " tag="042">
      <subfield code="a">dc</subfield>
   </datafield>
   <datafield ind2=" " ind1=" " tag="720">
      <subfield code="a">Sumillera, Rocio G.</subfield>
      <subfield code="e">author</subfield>
   </datafield>
   <datafield ind2=" " ind1=" " tag="260">
      <subfield code="c">2023</subfield>
   </datafield>
   <datafield ind2=" " ind1=" " tag="520">
      <subfield code="a">Este artículo explora la convergencia de los géneros de la novela de caballerías y la picaresca a través del análisis de la obra en prosa del escritor y librero londinense Francis Kirkman (1632-c.1680), traductor al inglés del libro sexto del ciclo de Amadís, continuador de Belianís de Grecia y de The English Rogue, autor de la biografía de la impostora Mary Carleton, The Counterfeit Lady Unveiled, y de la suya propia, The Unlucky Citizen. Tomando la obra en prosa de Kirkman a modo de estudio de caso, particularmente su narrativa autobiográfica, se estudia cómo los géneros de las novelas de caballerías y la picaresca terminan entremezclándose en la literatura inglesa del siglo XVII.</subfield>
   </datafield>
   <datafield ind2=" " ind1=" " tag="520">
      <subfield code="a">This article explores the intersection of romances of chivalry and the picaresque through theanalysis of a selection of works in prose by the London writer and bookseller Francis Kirkman(1632-c.1680), translator into English of Book VI of the Amadis cycle, continuator of Bellianis of Greece (Parts II-III) and of The English Rogue (Parts II-IV), and author of, among others, the biography of the impostor Mary Carleton, The Counterfeit Lady Unveiled, and of his own, The Unlucky Citizen. Taking Kirkman's prose works as a case study, with a particularfocus on his autobiographical narrative, it will be seen how both genres, i.e. romances of chivalry and the picaresque, end up intertwining in seventeenth-century English literature.</subfield>
   </datafield>
   <datafield tag="653" ind2=" " ind1=" ">
      <subfield code="a">Francis Kirkman</subfield>
   </datafield>
   <datafield tag="653" ind2=" " ind1=" ">
      <subfield code="a">Picaresca</subfield>
   </datafield>
   <datafield tag="653" ind2=" " ind1=" ">
      <subfield code="a">Novelas de caballerías</subfield>
   </datafield>
   <datafield tag="653" ind2=" " ind1=" ">
      <subfield code="a">Autobiografía</subfield>
   </datafield>
   <datafield tag="653" ind2=" " ind1=" ">
      <subfield code="a">"Amadís de Gaula"</subfield>
   </datafield>
   <datafield tag="653" ind2=" " ind1=" ">
      <subfield code="a">"Belianís de Grecia"</subfield>
   </datafield>
   <datafield tag="653" ind2=" " ind1=" ">
      <subfield code="a">"The Unlucky citizen"</subfield>
   </datafield>
   <datafield tag="653" ind2=" " ind1=" ">
      <subfield code="a">Picaresque</subfield>
   </datafield>
   <datafield tag="653" ind2=" " ind1=" ">
      <subfield code="a">Romances of chivalry</subfield>
   </datafield>
   <datafield tag="653" ind2=" " ind1=" ">
      <subfield code="a">"Amadís of Gaul"</subfield>
   </datafield>
   <datafield tag="653" ind2=" " ind1=" ">
      <subfield code="a">"Bellianis of Greece"</subfield>
   </datafield>
   <datafield ind2="0" ind1="0" tag="245">
      <subfield code="a">Entre las caballerías y la picaresca : la obra en prosa de Francis Kirkman (1632-c.1680)</subfield>
   </datafield>
</record></metadata></record></GetRecord></OAI-PMH>